The intrusion : (Record no. 130047)

MARC details
000 -LEADER
fixed length control field 00619nam a22002177a 4500
005 - DATE AND TIME OF LATEST TRANSACTION
control field 20170124110106.0
010 ## - LIBRARY OF CONGRESS CONTROL NUMBER
LC control number A-701508
020 ## - INTERNATIONAL STANDARD BOOK NUMBER
Terms of availability 00.00
035 ## - SYSTEM CONTROL NUMBER
System control number A-701508
037 ## - SOURCE OF ACQUISITION
Source of stock number/acquisition Cen Lib/Ret
040 ## - CATALOGING SOURCE
Original cataloging agency DPL
Language of cataloging EN
082 ## - DEWEY DECIMAL CLASSIFICATION NUMBER
Classification number S
Item number DES
100 ## - MAIN ENTRY--PERSONAL NAME
Personal name Deshpande, Shashi
9 (RLIN) 17792
245 ## - TITLE STATEMENT
Title The intrusion :
Statement of responsibility, etc by Shashi Deshpande
Remainder of title and other stories /
260 ## - PUBLICATION, DISTRIBUTION, ETC. (IMPRINT)
Name of publisher, distributor, etc Penguin Books
Date of publication, distribution, etc 1993
Place of publication, distribution, etc New Delhi
270 ## - ADDRESS
Address 210, chiranjivi tower, 43 nehru
City New Delhi
Postal code 110019
300 ## - PHYSICAL DESCRIPTION
Extent 156p.
Dimensions 17cm(Hb)
650 ## - SUBJECT ADDED ENTRY--TOPICAL TERM
Topical term or geographic name as entry element Literature - stories
9 (RLIN) 76259
650 ## - SUBJECT ADDED ENTRY--TOPICAL TERM
Topical term or geographic name as entry element English - stories
9 (RLIN) 26733
942 ## - ADDED ENTRY ELEMENTS (KOHA)
Source of classification or shelving scheme Dewey Decimal Classification
Koha item type English Books
Classification part S
Call number suffix DES
Holdings
Withdrawn status Lost status Damaged status Not for loan Home library Current library Date acquired Source of acquisition Cost, normal purchase price Total Checkouts Full call number Barcode Date last seen Copy number Cost, replacement price Price effective from Koha item type Public note
Written off       Central Library Central Library 08/07/2015 Cen Lib/Ret 0.00   S DES A-701508 08/07/2015 1 0.00 08/07/2015 English Books W/d List No. 6853/10 ; dtd 21/07/2020

© Delhi Public Library
Hit Counter
free hit counter